00578nam a2200205Ia 4500003000400000005001700004008004100021020001300062040001800075041000800093082002200101100001900123245005600142250001200198260006600210300003000276650002600306650002300332650001700355OSt20250530144027.0210716s2000 xx 000 0 und d a74639757 cAIMIT LIBRARY aeng a006.671 22bVENB aVenners, Bill. aInside the java virtual machine /cBy Bill Venners. a2nd ed. aNew Delhi :bTata McGraw Hill Publishing Company Ltd ,c2000. axxxi,703p. ;bPBc24.9 cm aPlatform independence aGarbage collection aControl flow